2401-三岐鉄道の駅 - Statistics

General Stats
  • This quiz has been taken 69 times
  • The average score is 18 of 28
Answer Stats
本線 % Correct
近鉄富田
98%
西桑名
92%
阿下喜
88%
西藤原
88%
東藤原
83%
東員
75%
暁学園前
67%
保々
67%
馬道
63%
星川
63%
楚原
60%
北勢中央公園口
60%
西別所
58%
在良
58%
大泉
58%
穴太
56%
伊勢治田
56%
七和
54%
麻生田
54%
大矢知
54%
山城
54%
大安
54%
西野尻
54%
蓮花寺
52%
平津
50%
梅戸井
48%
丹生川
48%
三里
46%
No matching quizzes found
Score Distribution
Percent of People with Each Score
Percentile by Number Answered
Your Score History
You have not taken this quiz